[Event "Bad Wiessee Seniors op"]
[Site "Bad Wiessee"]
[Date "2012.04.23"]
[Round "3"]
[White "Klein, Reinhard"]
[Black "Bischof, Rainer"]
[Result "0-1"]
[WhiteElo "1774"]
[BlackElo "1867"]
[PlyCount "121"]
[EventDate "2012.04.21"]
[EventType "swiss"]
[EventRounds "9"]
[EventCountry "GER"]
[SourceTitle "EXT 2015"]
[Source "ChessBase"]
[SourceDate "2014.11.20"]
[SourceVersion "1"]
[SourceVersionDate "2014.11.20"]
[SourceQuality "1"]

1. d4 d5 2. Nf3 Nf6 3. Bf4 g6 4. Nc3 Bg7 5. Qd3 0-0 6. 0-0-0 c6 7. Ne5 Nfd7 8. Qg3 Nxe5 9. Bxe5 Nd7 10. Bxg7 Kxg7 11. h4 h5 12. e4 dxe4 13. Nxe4 Qa5 14. Kb1 Nf6 15. Nxf6 exf6 16. Bc4 b5 17. Be2 Be6 18. b3 b4 19. Bf3 Bd5 20. Rhe1 Bxf3 21. Qxf3 Qb6 22. g4 hxg4 23. Qxg4 Rh8 24. Re7 Qd8 25. Rde1 Qd5 26. Rg1 Rh6 27. Rd7 Qb5 28. f4 f5 29. Qg5 Rah8 30. Qe7 Rf8 31. Rxa7 Qb6 32. Rd7 Qb8 33. Qg5 Qe8 34. Qxf5 Qe3 35. Qe5+ Qxe5 36. fxe5 Rxh4 37. Rd1 Re4 38. Rb7 Rd8 39. Rxb4 Rxe5 40. Rf1 Re7 41. Rc4 Rd6 42. Kb2 f5 43. a4 Kf6 44. a5 g5 45. Rh1 Kg6 46. Kc3 g4 47. Rc5 Kg5 48. Rf1 Rf6 49. a6 g3 50. Ra5 Ra7 51. Kd3 Kg4 52. c4 f4 53. Ke2 Re6+ 54. Re5 Rxe5+ 55. dxe5 Rxa6 56. Rd1 Ra2+ 57. Kf1 f3 58. e6 Rf2+ 59. Kg1 Re2 60. Kf1 Kh3 61. Rd8 0-1

[Event "Ruhrgebiet-ch Seniors 18th"]
[Site "Essen"]
[Date "2011.04.11"]
[Round "7"]
[White "Bischof, Rainer"]
[Black "Dahlhaus, Friedhelm"]
[Result "0-1"]
[WhiteElo "1872"]
[BlackElo "1979"]
[PlyCount "100"]
[EventDate "2011.03.28"]
[EventType "swiss"]
[EventRounds "9"]
[EventCountry "GER"]
[SourceTitle "EXT 2012"]
[Source "ChessBase"]
[SourceDate "2011.11.24"]
[SourceVersion "1"]
[SourceVersionDate "2011.11.24"]
[SourceQuality "1"]

1. e4 e5 2. Bc4 Nf6 3. d3 Nc6 4. Nf3 Bc5 5. 0-0 d6 6. c3 Bb6 7. b4 Qe7 8. Nbd2 0-0 9. Bb3 Be6 10. Nc4 d5 11. Nxb6 axb6 12. Bg5 dxe4 13. dxe4 Rfd8 14. Qc2 h6 15. Bxf6 Qxf6 16. Bxe6 Qxe6 17. b5 Na5 18. Rfd1 f6 19. Rxd8+ Rxd8 20. h3 Nc4 21. Rd1 Rxd1+ 22. Qxd1 Nd6 23. Qe2 Qc4 24. Qxc4+ Nxc4 25. a4 Nb2 26. Nd2 Nxa4 27. c4 Kf7 28. Kf1 Nc3 29. f3 Ke6 30. Ke1 Na4 31. Ke2 Nb2 32. Ke3 Kd6 33. f4 Kc5 34. fxe5 fxe5 35. Kf3 Nxc4 36. Nb3+ Kxb5 37. Kg4 g6 38. h4 Nd6 39. Nd2 c5 40. Nf3 Nf7 41. h5 gxh5+ 42. Kxh5 c4 43. Kg6 c3 44. Ne1 Nd6 45. Kf6 Nxe4+ 46. Kxe5 Nd2 47. Kf6 Kc4 48. Kg6 b5 49. Kxh6 b4 50. g4 Ne4 0-1

[Event "Ruhrgebiet-ch Seniors 18th"]
[Site "Essen"]
[Date "2011.04.05"]
[Round "5"]
[White "Achenbach, Manfred"]
[Black "Bischof, Rainer"]
[Result "1/2-1/2"]
[WhiteElo "2059"]
[BlackElo "1872"]
[PlyCount "50"]
[EventDate "2011.03.28"]
[EventType "swiss"]
[EventRounds "9"]
[EventCountry "GER"]
[SourceTitle "EXT 2012"]
[Source "ChessBase"]
[SourceDate "2011.11.24"]
[SourceVersion "1"]
[SourceVersionDate "2011.11.24"]
[SourceQuality "1"]

1. c4 c5 2. Nf3 g6 3. d4 cxd4 4. Nxd4 Bg7 5. g3 Nc6 6. Nc2 Nf6 7. Bg2 0-0 8. 0-0 a6 9. Nc3 d6 10. h3 Bd7 11. Be3 Rb8 12. Rc1 b5 13. cxb5 axb5 14. Nd4 Nxd4 15. Bxd4 b4 16. Nd5 Nxd5 17. Bxg7 Kxg7 18. Qxd5 Be6 19. Qd4+ Kg8 20. b3 Qa5 21. Rc2 Rfc8 22. Rfc1 Rxc2 23. Rxc2 Rc8 24. Rxc8+ Bxc8 25. Bf3 Be6 1/2-1/2

[Event "GER-ch Seniors 22nd"]
[Site "Berlin"]
[Date "2010.08.24"]
[Round "9"]
[White "Bischof, Rainer"]
[Black "Bondick, Karl Heinz"]
[Result "1/2-1/2"]
[WhiteElo "1809"]
[BlackElo "2006"]
[PlyCount "151"]
[EventDate "2010.08.16"]
[EventType "swiss"]
[EventRounds "9"]
[EventCountry "GER"]
[SourceTitle "CBM 138 Extra"]
[Source "ChessBase"]
[SourceDate "2010.10.29"]
[SourceVersion "1"]
[SourceVersionDate "2010.10.29"]
[SourceQuality "1"]

1. e4 e5 2. Nf3 f5 3. d3 d6 4. Bg5 Nf6 5. Nc3 Be7 6. Be2 0-0 7. Qd2 c6 8. Bxf6 Bxf6 9. exf5 Bxf5 10. Ne4 Be7 11. Ng3 Bg6 12. 0-0 Nd7 13. Rae1 d5 14. Bd1 Qc7 15. Qe2 Bd6 16. Nh4 Rf6 17. Nxg6 Rxg6 18. Nf5 Rf8 19. Nxd6 Qxd6 20. c4 Rf4 21. cxd5 cxd5 22. Qc2 Nc5 23. Re3 e4 24. dxe4 Nxe4 25. Rf3 Rgf6 26. Rxf4 Qxf4 27. Qc8+ Rf8 28. Qe6+ Qf7 29. Qxf7+ Kxf7 30. Bb3 Ke6 31. Rd1 Nf6 32. f3 Kd6 33. h3 b5 34. Kf2 a5 35. Ke3 Re8+ 36. Kd2 a4 37. Bc2 d4 38. Re1 Rxe1 39. Kxe1 h6 40. Bd3 Kc5 41. h4 Nd5 42. g4 Nb4 43. Bb1 Nc6 44. Ke2 Ne5 45. h5 Kc4 46. Be4 b4 47. Kd2 Kc5 48. Kc2 Nc4 49. Bh7 Ne5 50. Be4 Kd6 51. Kd2 Ke6 52. Bb7 Nc4+ 53. Kd3 Nxb2+ 54. Kxd4 Nd1 55. f4 Kf6 56. Bf3 b3 57. Bd5 b2 58. Be4 Nf2 59. Bc2 Nxg4 60. Kc3 Ne3 61. Be4 Nd5+ 62. Kxb2 Nxf4 63. Ka3 Nxh5 64. Kxa4 Ke5 65. Bf3 Nf4 66. Kb5 Kd6 67. Kb6 h5 68. a4 h4 69. a5 Ne6 70. a6 Nc5 71. Bg4 Nxa6 72. Kxa6 Ke5 73. Kb5 Kf4 74. Be6 g5 75. Kc4 Kg3 76. Kd3 1/2-1/2

[Event "GER-ch Seniors 22nd"]
[Site "Berlin"]
[Date "2010.08.23"]
[Round "8"]
[White "Kornrumpf, Joachim"]
[Black "Bischof, Rainer"]
[Result "1/2-1/2"]
[WhiteElo "2015"]
[BlackElo "1809"]
[PlyCount "136"]
[EventDate "2010.08.16"]
[EventType "swiss"]
[EventRounds "9"]
[EventCountry "GER"]
[SourceTitle "CBM 138 Extra"]
[Source "ChessBase"]
[SourceDate "2010.10.29"]
[SourceVersion "1"]
[SourceVersionDate "2010.10.29"]
[SourceQuality "1"]

1. b3 d5 2. e3 Nf6 3. Bb2 Nbd7 4. c4 c6 5. Nf3 g6 6. Be2 Bg7 7. 0-0 0-0 8. Qc2 b6 9. d3 dxc4 10. Qxc4 Bb7 11. Nbd2 c5 12. Rac1 Rc8 13. Rfd1 e6 14. Qc2 Qe7 15. Qb1 Rfd8 16. Nc4 Nd5 17. a3 a6 18. Bf1 b5 19. Bxg7 Kxg7 20. Ncd2 N5f6 21. Qb2 Kg8 22. h3 Bc6 23. Rc2 e5 24. Rdc1 e4 25. Ne1 Bb7 26. d4 cxd4 27. Rxc8 Rxc8 28. Rxc8+ Bxc8 29. Qxd4 Qc5 30. Qb2 Qe5 31. Qxe5 Nxe5 32. Nc2 Nc6 33. g4 h6 34. Bg2 Be6 35. b4 Bd5 36. Na1 Ne5 37. Nc2 Kf8 38. Kf1 Ke7 39. Nd4 Kd6 40. Ke2 Nc4 41. Nxc4+ Bxc4+ 42. Kd2 Bd5 43. Kc3 Nd7 44. Nb3 f5 45. gxf5 gxf5 46. Nd4 Ke5 47. f4+ exf3 48. Nxf3+ Kd6 49. Kd4 Nf8 50. Nh4 Ne6+ 51. Kd3 Bxg2 52. Nxg2 Ke5 53. Ne1 Ng5 54. h4 Ne4 55. Nf3+ Kd5 56. Nd4 Nd6 57. Ke2 Ke4 58. Ne6 Nc4 59. Nc5+ Ke5 60. Nxa6 Nxa3 61. Nc7 Nc2 62. Nxb5 Nxb4 63. Kf3 Nd5 64. Nd4 f4 65. Nc6+ Kd6 66. e4 Kxc6 67. exd5+ Kxd5 68. Kxf4 Ke6 1/2-1/2

[Event "Niedersachsen-ch Seniors op 13th"]
[Site "Bad Bevensen"]
[Date "2010.07.08"]
[Round "3"]
[White "Bischof, Rainer"]
[Black "Duemmke, Juergen"]
[Result "0-1"]
[WhiteElo "1809"]
[BlackElo "1953"]
[PlyCount "78"]
[EventDate "2010.07.06"]
[EventType "swiss"]
[EventRounds "9"]
[EventCountry "GER"]
[SourceTitle "EXT 2012"]
[Source "ChessBase"]
[SourceDate "2011.11.24"]
[SourceVersion "1"]
[SourceVersionDate "2011.11.24"]
[SourceQuality "1"]

1. d4 d5 2. Bf4 Bf5 3. Nf3 Nf6 4. h3 e6 5. e3 Bd6 6. Bxd6 Qxd6 7. c3 Nbd7 8. Bd3 Bxd3 9. Qxd3 0-0 10. Nbd2 c5 11. 0-0 Rac8 12. Rfe1 Rfe8 13. Rad1 Qb6 14. Qb1 h6 15. Rc1 a6 16. Qc2 Qc6 17. Qb1 b5 18. b4 cxb4 19. cxb4 Qd6 20. a3 Nb6 21. Ne5 Nfd7 22. Nxd7 Qxd7 23. Nb3 Nc4 24. Nc5 Qa7 25. Qb3 Rc6 26. Ra1 Qe7 27. a4 e5 28. axb5 axb5 29. dxe5 Qxe5 30. Qd3 Rg6 31. Nb3 Qg5 32. g3 h5 33. Nd4 Rf6 34. h4 Qg4 35. Qd1 Qh3 36. Qxh5 Rxf2 37. Kxf2 Qh2+ 38. Kf3 Nd2+ 39. Kg4 Re4+ 0-1

[Event "GER-ch Seniors 21st"]
[Site "Dresden"]
[Date "2009.08.08"]
[Round "7"]
[White "Langer, Wolfgang2222"]
[Black "Bischof, Rainer"]
[Result "0-1"]
[WhiteElo "1933"]
[BlackElo "2007"]
[PlyCount "50"]
[EventDate "2009.08.03"]
[EventType "swiss"]
[EventRounds "9"]
[EventCountry "GER"]
[SourceTitle "CBM 131 Extra"]
[Source "ChessBase"]
[SourceDate "2009.09.03"]
[SourceVersion "2"]
[SourceVersionDate "2009.09.16"]
[SourceQuality "1"]

1. d4 g6 2. c4 Bg7 3. Nc3 c5 4. d5 d6 5. e4 Na6 6. Be2 Nc7 7. h3 Bd7 8. Nf3 Rb8 9. a4 b6 10. 0-0 a6 11. Nd2 Nf6 12. f4 0-0 13. Qe1 b5 14. axb5 axb5 15. cxb5 Nxb5 16. Nxb5 Bxb5 17. Rf3 Nd7 18. Bxb5 Rxb5 19. Nc4 Rb4 20. Qe2 Qb8 21. Ra2 Rb5 22. b3 Rxb3 23. Ra5 Qb7 24. Rxb3 Qxb3 25. Be3 Qb1+ 0-1

[Event "GER-ch Seniors 21st"]
[Site "Dresden"]
[Date "2009.08.04"]
[Round "3"]
[White "Gismann, Juergen"]
[Black "Bischof, Rainer"]
[Result "1/2-1/2"]
[WhiteElo "1615"]
[BlackElo "2007"]
[PlyCount "49"]
[EventDate "2009.08.03"]
[EventType "swiss"]
[EventRounds "9"]
[EventCountry "GER"]
[SourceTitle "CBM 131 Extra"]
[Source "ChessBase"]
[SourceDate "2009.09.03"]
[SourceVersion "2"]
[SourceVersionDate "2009.09.16"]
[SourceQuality "1"]

1. e4 c5 2. c3 g6 3. d4 cxd4 4. cxd4 Bg7 5. e5 d6 6. f4 Nh6 7. Nf3 0-0 8. Be2 dxe5 9. fxe5 f6 10. 0-0 Nf7 11. Bc4 Nc6 12. e6 Nd6 13. Bb3 Na5 14. d5 Nxb3 15. Qxb3 b6 16. Nc3 Qc7 17. Bf4 Bb7 18. Kh1 Qc4 19. Bxd6 Qxb3 20. axb3 exd6 21. Rfd1 f5 22. Rab1 Rfc8 23. Nb5 Bf8 24. Nc3 Be7 25. Ne1 1/2-1/2

[Event "GER-ch Seniors-A 20th"]
[Site "Erfurt"]
[Date "2008.08.10"]
[Round "6"]
[White "Bischof, Rainer"]
[Black "Just, Joachim"]
[Result "1/2-1/2"]
[WhiteElo "1813"]
[BlackElo "1928"]
[PlyCount "105"]
[EventDate "2008.08.05"]
[EventType "swiss"]
[EventRounds "9"]
[EventCountry "GER"]
[SourceTitle "CBM 126 Extra"]
[Source "ChessBase"]
[SourceDate "2008.11.05"]
[SourceVersion "1"]
[SourceVersionDate "2008.11.05"]
[SourceQuality "1"]

1. d4 g6 2. Nf3 Bg7 3. Bf4 d6 4. e3 c6 5. Be2 Nd7 6. h3 Qb6 7. b3 Ngf6 8. Nbd2 Nd5 9. Bh2 Nc3 10. Nc4 Qc7 11. Qd3 Nxe2 12. Qxe2 b5 13. Ncd2 0-0 14. c3 Qa5 15. b4 Qd8 16. 0-0 Nb6 17. Nb3 Be6 18. Nfd2 Nc4 19. Rfc1 Qd7 20. Nxc4 Bxc4 21. Qd1 Qe6 22. Bg3 f5 23. Qc2 g5 24. Re1 Qf7 25. f3 e5 26. Nd2 Be6 27. Rf1 Kh8 28. dxe5 dxe5 29. e4 f4 30. Bf2 Rfd8 31. Nb3 Bf8 32. Rfd1 h5 33. Rxd8 Rxd8 34. Rd1 Rd7 35. Rxd7 Qxd7 36. Nc5 Bxc5 37. Bxc5 Bc4 38. a3 a6 39. Kh2 Kg7 40. Bb6 Kg6 41. Qf2 g4 42. hxg4 hxg4 43. fxg4 Qxg4 44. Qf3 Be2 45. Qxg4+ Bxg4 46. Bc7 Kf6 47. Kg1 Bd1 48. Kf2 Ke6 49. Bb8 Bb3 50. g3 fxg3+ 51. Kxg3 Bd1 52. Kf2 Bb3 53. Ke3 1/2-1/2

[Event "GER-ch Seniors-A 20th"]
[Site "Erfurt"]
[Date "2008.08.08"]
[Round "4"]
[White "Bischof, Rainer"]
[Black "Klein, Leo"]
[Result "1/2-1/2"]
[WhiteElo "1813"]
[BlackElo "1906"]
[PlyCount "109"]
[EventDate "2008.08.05"]
[EventType "swiss"]
[EventRounds "9"]
[EventCountry "GER"]
[SourceTitle "CBM 126 Extra"]
[Source "ChessBase"]
[SourceDate "2008.11.05"]
[SourceVersion "1"]
[SourceVersionDate "2008.11.05"]
[SourceQuality "1"]

1. e4 d6 2. Nc3 c6 3. Nf3 Bg4 4. Be2 Nd7 5. 0-0 e5 6. d4 Be7 7. dxe5 dxe5 8. Be3 Ngf6 9. Nd2 Be6 10. Bc4 Bxc4 11. Nxc4 Qc7 12. Qe2 b5 13. Nd2 0-0 14. a3 a5 15. f3 Bc5 16. Qf2 Qb6 17. Bxc5 Qxc5 18. Qxc5 Nxc5 19. Kf2 Ne6 20. Ne2 Rfd8 21. Rfd1 a4 22. Nf1 g6 23. Ne3 Kf8 24. Rxd8+ Rxd8 25. Rd1 Rxd1 26. Nxd1 Ke7 27. Ke3 Kd6 28. Kd3 Nc5+ 29. Kc3 Na6 30. Kd3 Nc5+ 31. Kc3 Nfd7 32. Ne3 h5 33. Kd2 Nb6 34. Kc3 Ne6 35. Kd3 Kc5 36. c3 Kd6 37. Kd2 f6 38. Kd3 Nc5+ 39. Kc2 Ke6 40. Nc1 f5 41. Nd3 Nbd7 42. exf5+ gxf5 43. Nb4 Nb8 44. Nd3 Nxd3 45. Kxd3 Nd7 46. c4 f4 47. Nd1 Kd6 48. Nc3 Nc5+ 49. Kc2 Ke6 50. Kd2 Nb3+ 51. Kd3 Nc5+ 52. Kd2 Nb3+ 53. Kd3 Nd4 54. Ke4 Kd6 55. g3 1/2-1/2

[Event "NRW-ch Seniors 19th"]
[Site "Hattingen"]
[Date "2008.05.29"]
[Round "9"]
[White "Bischof, Rainer"]
[Black "Schippan, Bernhard"]
[Result "0-1"]
[WhiteElo "1801"]
[BlackElo "2289"]
[PlyCount "90"]
[EventDate "2008.05.19"]
[EventType "swiss"]
[EventRounds "9"]
[EventCountry "GER"]
[SourceTitle "EXT 2010"]
[Source "ChessBase"]
[SourceDate "2010.11.25"]
[SourceVersion "1"]
[SourceVersionDate "2010.11.25"]
[SourceQuality "1"]

1. e4 c5 2. Nc3 g6 3. g3 Bg7 4. Bg2 Nc6 5. d3 d6 6. f4 e6 7. Nf3 Nge7 8. 0-0 0-0 9. Be3 Nd4 10. e5 Nef5 11. Bf2 Nxf3+ 12. Qxf3 Nd4 13. Qd1 d5 14. Ne2 Nxe2+ 15. Qxe2 Qc7 16. d4 b6 17. c3 a5 18. Rfe1 h5 19. g4 hxg4 20. Qxg4 cxd4 21. cxd4 Qc2 22. Rab1 Ba6 23. Rec1 Qa4 24. a3 Bd3 25. Ra1 Rac8 26. Qd1 Bc2 27. Qd2 Rc6 28. b4 Rfc8 29. bxa5 bxa5 30. Bf3 Bf8 31. Bd1 Bxd1 32. Rxc6 Rxc6 33. Qxd1 Qxd1+ 34. Rxd1 Bxa3 35. Be1 Rc1 36. Rxc1 Bxc1 37. Bxa5 Be3+ 38. Kg2 Bxd4 39. Kf3 Kg7 40. Bd8 Bb2 41. Be7 Bc1 42. Bg5 Kf8 43. h4 Ke8 44. Ke2 Kd7 45. Kd1 Ba3 0-1

[Event "NRW-ch Seniors 19th"]
[Site "Hattingen"]
[Date "2008.05.27"]
[Round "7"]
[White "Bischof, Rainer"]
[Black "Krueger, Erich"]
[Result "1/2-1/2"]
[WhiteElo "1801"]
[BlackElo "2090"]
[PlyCount "65"]
[EventDate "2008.05.19"]
[EventType "swiss"]
[EventRounds "9"]
[EventCountry "GER"]
[SourceTitle "EXT 2010"]
[Source "ChessBase"]
[SourceDate "2010.11.25"]
[SourceVersion "1"]
[SourceVersionDate "2010.11.25"]
[SourceQuality "1"]

1. e4 c6 2. d4 d5 3. exd5 cxd5 4. Bd3 Nc6 5. c3 Qc7 6. Ne2 Bg4 7. f3 Bd7 8. Bf4 e5 9. Bg3 Bd6 10. Nd2 Nge7 11. 0-0 Nf5 12. Re1 Nxg3 13. Nxg3 0-0 14. dxe5 Nxe5 15. Nb3 Nxd3 16. Qxd3 Bxg3 17. hxg3 Qxg3 18. Qxd5 Bc6 19. Qd3 Rad8 20. Nd4 Rd5 21. Qf1 Rh5 22. Nxc6 bxc6 23. Re2 Rh2 24. Qf2 Qf4 25. Qd4 Qh6 26. Rae1 c5 27. Qg4 Rh4 28. Qg3 c4 29. Qc7 Rh1+ 30. Kf2 Rxe1 31. Rxe1 Qb6+ 32. Qxb6 axb6 33. Re4 1/2-1/2

[Event "GER-ch Seniors Gp-A 19th"]
[Site "Templin"]
[Date "2007.08.31"]
[Round "9"]
[White "Bischof, Rainer"]
[Black "Zotkin, Alexander"]
[Result "1-0"]
[WhiteElo "1786"]
[BlackElo "1780"]
[PlyCount "77"]
[EventDate "2007.08.23"]
[EventType "swiss"]
[EventRounds "9"]
[EventCountry "GER"]
[SourceTitle "EXT 2022"]
[Source "ChessBase"]
[SourceDate "2021.10.06"]
[SourceVersion "1"]
[SourceVersionDate "2021.10.06"]
[SourceQuality "1"]

1. e4 d6 2. Nf3 g6 3. g3 Bg7 4. Bg2 c5 5. 0-0 Nc6 6. c3 e5 7. d3 Nge7 8. Nbd2 0-0 9. a4 b6 10. Nc4 f5 11. Bg5 h6 12. Bxe7 Qxe7 13. Nh4 f4 14. Nxg6 Qg5 15. Nxf8 Bxf8 16. a5 b5 17. Nd2 Bg4 18. f3 Be6 19. g4 Kf7 20. Nb3 a6 21. d4 c4 22. d5 cxb3 23. dxe6+ Kxe6 24. Qxb3+ Kd7 25. Qf7+ Be7 26. Qf5+ Kc7 27. Qxg5 Bxg5 28. b4 Rc8 29. Rfd1 Nd8 30. Rac1 Nc6 31. c4 bxc4 32. Rxc4 Kd7 33. Rdc1 Bd8 34. Bf1 Rc7 35. Kf2 Bh4+ 36. Kg2 Bd8 37. Be2 Nd4 38. Rxc7+ Bxc7 39. Bxa6 1-0

[Event "GER-ch Seniors 18th"]
[Site "Dresden"]
[Date "2006.07.28"]
[Round "7"]
[White "Bischof, Rainer"]
[Black "Ollek, Karl Heinz"]
[Result "1-0"]
[WhiteElo "1888"]
[BlackElo "1708"]
[PlyCount "113"]
[EventDate "2006.07.22"]
[EventType "swiss"]
[EventRounds "9"]
[EventCountry "GER"]
[SourceTitle "EXT 2022"]
[Source "ChessBase"]
[SourceDate "2021.10.06"]
[SourceVersion "1"]
[SourceVersionDate "2021.10.06"]
[SourceQuality "1"]

1. d4 Nf6 2. Bf4 d6 3. e3 Nc6 4. c3 e5 5. Bg3 Bd7 6. Nd2 a6 7. a4 Ne7 8. dxe5 dxe5 9. Bxe5 Ng6 10. Bg3 Bc6 11. Ngf3 Bd6 12. Bxd6 Qxd6 13. Be2 Rd8 14. Qc2 0-0 15. 0-0 Rfe8 16. Rfd1 Qe7 17. Nd4 Bd7 18. Nf5 Bxf5 19. Qxf5 Nf8 20. Bf3 g6 21. Qc2 c6 22. Nf1 Ne6 23. Rxd8 Rxd8 24. Rd1 Ng5 25. Rxd8+ Qxd8 26. Be2 h5 27. Nd2 Qc7 28. h3 Qe7 29. Bc4 Kg7 30. Qd3 b5 31. axb5 cxb5 32. Bb3 Nge4 33. Nxe4 Nxe4 34. Qd4+ Kg8 35. Bd5 Nd6 36. b4 Kh7 37. e4 f6 38. f4 h4 39. Qe3 Qd8 40. Qa7+ Kh6 41. Qf2 g5 42. fxg5+ fxg5 43. e5 Ne8 44. Qc5 Kg7 45. Qc6 Qe7 46. e6 Qa7+ 47. Kh1 Qf2 48. Qd7+ Kh6 49. Qf7 Qe1+ 50. Kh2 Qe5+ 51. Kg1 Qe3+ 52. Qf2 Qc1+ 53. Kh2 Qxc3 54. Qf8+ Ng7 55. Qh8+ Kg6 56. Be4+ Kf6 57. Qh6+ 1-0

[Event "GER-ch Seniors 18th"]
[Site "Dresden"]
[Date "2006.07.27"]
[Round "6"]
[White "Gruenig, Siegfried"]
[Black "Bischof, Rainer"]
[Result "1/2-1/2"]
[WhiteElo "1776"]
[BlackElo "1888"]
[PlyCount "49"]
[EventDate "2006.07.22"]
[EventType "swiss"]
[EventRounds "9"]
[EventCountry "GER"]
[SourceTitle "EXT 2022"]
[Source "ChessBase"]
[SourceDate "2021.10.06"]
[SourceVersion "1"]
[SourceVersionDate "2021.10.06"]
[SourceQuality "1"]

1. d4 Nf6 2. Nf3 e6 3. Bg5 Be7 4. Nbd2 d6 5. e3 Nbd7 6. Bd3 c5 7. 0-0 b6 8. Qe2 0-0 9. Rad1 cxd4 10. exd4 Bb7 11. c3 Re8 12. Rfe1 a6 13. Bc2 Nf8 14. Nf1 Qc7 15. Ng3 Rac8 16. Bc1 b5 17. Ng5 b4 18. Ba4 Bc6 19. Bxc6 Qxc6 20. cxb4 Qc4 21. a3 Qxe2 22. Rxe2 Rc7 23. N5e4 Nd5 24. Bd2 Ng6 25. Nc3 1/2-1/2